| 000 | 00697nam a2200265Ia 4500 | ||
|---|---|---|---|
| 001 | Para_9622 | ||
| 003 | CHAP | ||
| 008 | 220125s2008 xx 000 0 und d | ||
| 010 | _a208296 | ||
| 040 | _cCHAP | ||
| 082 | _aPA 632.6 M32 | ||
| 100 |
_aMareggiani, Graciela _9174618 |
||
| 245 |
_aZoología agrícola / _c Graciela Mareggiani, Alicia Pelicano |
||
| 260 |
_aArgentina : _b Hemisferio Sur |
||
| 300 | _a256 p. | ||
| 650 |
_aParasitología _985468 |
||
| 700 |
_aPelicano, Alicia _9174619 |
||
| 901 | _aPA 632.6 M32 | ||
| 902 | _aM | ||
| 905 | _a5231272008 ag amn 8112223321spa11 | ||
| 910 | _a2008 | ||
| 942 | _cPARA | ||
| 942 |
_cPARA _d1 |
||
| 999 |
_c208296 _d208296 |
||